000 00670nam a2200217Ia 4500
001 15173
003 GE_BSU
008 181216s||||||||xx |||||||||||||| ||und||
040 _cGE_BSU
080 _a821.353.1-1
100 _aშალამბერიძე, ოთარ
245 _aლტოლვა მარადი
245 _bლექსები
245 _cრედ:მილიცა ჯაფარიძე;მხატვ:სპარტაკ ცინცაძე
260 _aთბილისი.
260 _bმერანი
260 _c1971
300 _a115გვ;12სმ.
653 _aლექსები
942 _cBK
999 _c48288
_d48288